Strategy and policy formation : (Record no. 3257)

000 -LEADER
fixed length control field nam a22 a 4500
003 - CONTROL NUMBER IDENTIFIER
control field AKMAL
005 - DATE AND TIME OF LATEST TRANSACTION
control field 20170522095023.0
008 - FIXED-LENGTH DATA ELEMENTS--GENERAL INFORMATION
fixed length control field 170522t19811976-us 00 eng d
020 ## - INTERNATIONAL STANDARD BOOK NUMBER
International Standard Book Number 0471065102
040 ## - CATALOGING SOURCE
Original cataloging agency AKMAL
Transcribing agency AKMAL
082 04 - DEWEY DECIMAL CLASSIFICATION NUMBER
Classification number 658.403 SHI
090 00 - LOCALLY ASSIGNED LC-TYPE CALL NUMBER (OCLC); LOCAL CALL NUMBER (RLIN)
Classification number (OCLC) (R) ; Classification number, CALL (RLIN) (NR) 658.403
Local cutter number (OCLC) ; Book number/undivided call number, CALL (RLIN) SHI
090 ## - LOCALLY ASSIGNED LC-TYPE CALL NUMBER (OCLC); LOCAL CALL NUMBER (RLIN)
Classification number (OCLC) (R) ; Classification number, CALL (RLIN) (NR) 658.403
Local cutter number (OCLC) ; Book number/undivided call number, CALL (RLIN) SHI
100 1# - MAIN ENTRY--PERSONAL NAME
Personal name Shirley, Robert C.
9 (RLIN) 6661
245 10 - TITLE STATEMENT
Title Strategy and policy formation :
Remainder of title a multifunctional orientation /
Statement of responsibility, etc. Robert C. Shirley, Michael H. Peters, Adel L. El-Ansary
250 ## - EDITION STATEMENT
Edition statement 2nd. ed
260 ## - PUBLICATION, DISTRIBUTION, ETC.
Place of publication, distribution, etc. New York :
Name of publisher, distributor, etc. John Wiley & Sons,
Date of publication, distribution, etc. 1981
300 00 - PHYSICAL DESCRIPTION
Extent xvi, 286p. :
Other physical details ill. ;
Dimensions 24cm
490 0# - SERIES STATEMENT
Series statement Wiley series in management
504 ## - BIBLIOGRAPHY, ETC. NOTE
Bibliography, etc. note Includes bibliographical references and index
650 #0 - SUBJECT ADDED ENTRY--TOPICAL TERM
Topical term or geographic name entry element Industrial management
General subdivision Decision making
9 (RLIN) 6662
650 #0 - SUBJECT ADDED ENTRY--TOPICAL TERM
Topical term or geographic name entry element Industrial management
9 (RLIN) 2203
700 1# - ADDED ENTRY--PERSONAL NAME
Personal name Peters, Michael H.
9 (RLIN) 6663
700 1# - ADDED ENTRY--PERSONAL NAME
Personal name El-Ansary, Adel L.
9 (RLIN) 6664
942 ## - ADDED ENTRY ELEMENTS (KOHA)
Source of classification or shelving scheme
Koha item type Book
Holdings
Withdrawn status Lost status Source of classification or shelving scheme Damaged status Not for loan Collection code Home library Current library Shelving location Date acquired Inventory number Total Checkouts Full call number Barcode Date last seen Price effective from Koha item type
          NON-FICTION AKMAL Melaka AKMAL Melaka PINJAMAN 22.05.2017 600601   658.403 SHI 201704263 22.05.2017 22.05.2017 Book
Pusat Sumber Maklumat Dato' Haji Sarmin Md Hussin, Akademi Kastam Diraja Malaysia, Melaka
Tel: 06-2331106 | Faks: 06-2313787